000 00776nam a22002657a 4500
003 CHAP
005 20220817042322.0
008 971013s1960 r 00010 d
010 _a40750
011 _a41722
035 _a45848
040 _cCHAP
090 _aFolleto 272
110 _aENA. Departamento de Industrias Agrícolas
245 _aDiseño práctico de estructuras (Acueducto)
260 _aChapingo, Méx. :
_bENA,
_c1960
300 _a42 h.
_b: ilus.
590 _aBATCH-UPD
_b10
_c20130110
_lUCH01
_h2108
590 _aCONVERSION
_b10
_c20130109
_lUCH01
_h1322
650 1 4 _aAcueductos.
_9753
901 _aBK
942 _cFOLL
949 _aFolleto 272
_bBC
_cFOLL
_d-104628
_eTS2
_fc.2
_i45848
_si
949 _aFolleto 272
_bBC
_cUACH
_d-104627
_eUACH
_i45848
_si
999 _c40750
_d40750